[Event "GER-chT U14"]
[Site "Magdeburg"]
[Date "2019.12.29"]
[Round "6.2"]
[White "Boissel, Kasimir"]
[Black "Joppich, Til"]
[Result "1/2-1/2"]
[WhiteElo "1638"]
[BlackElo "1916"]
[PlyCount "61"]
[EventDate "2019.12.27"]
[EventType "team-swiss"]
[EventRounds "7"]
[EventCountry "GER"]
[SourceTitle "CBM 194 Extra"]
[Source "ChessBase"]
[SourceDate "2020.03.31"]
[SourceVersion "1"]
[SourceVersionDate "2020.03.31"]
[SourceQuality "1"]
[WhiteTeam "Koenigsjaeger Sued West"]
[BlackTeam "Magdeburg Schachzwerge"]
[WhiteTeamCountry "GER"]
[BlackTeamCountry "GER"]

1. d4 Nf6 2. Nf3 g6 3. Bf4 Bg7 4. e3 0-0 5. Nbd2 d6 6. Bd3 Nfd7 7. Nc4 Nc6 8. c3 e5 9. Bg3 f5 10. Be2 e4 11. Nfd2 Re8 12. Qb3 d5 13. Na3 Nf6 14. c4 Na5 15. Qb4 c6 16. Nb3 Nxb3 17. Qxb3 Nh5 18. Bxh5 gxh5 19. cxd5 cxd5 20. Nb5 Qa5+ 21. Kf1 Bd7 22. Nc7 Rac8 23. Nxe8 Bxe8 24. h3 Qa6+ 25. Kg1 Rc4 26. Kh2 Ba4 27. Qa3 Bf8 28. b4 Bxb4 29. Qb2 Bc3 30. Qa3 Bxa1 31. Rxa1 1/2-1/2

[Event "Sachsen-Anhalt Landesliga-A 1920"]
[Site "Sachsen Anhalt"]
[Date "2019.09.29"]
[Round "1.2"]
[White "Schumacher, Thomas"]
[Black "Joppich, Til"]
[Result "1-0"]
[WhiteElo "2081"]
[BlackElo "1885"]
[PlyCount "59"]
[EventDate "2019.09.29"]
[EventType "team-tourn"]
[EventRounds "9"]
[EventCountry "GER"]
[SourceTitle "EXT 2023"]
[Source "ChessBase"]
[SourceDate "2022.10.05"]
[SourceVersion "1"]
[SourceVersionDate "2022.10.05"]
[SourceQuality "1"]
[WhiteTeam "Gardelegen"]
[BlackTeam "Magdeburg Aufbau Elbe III"]
[WhiteTeamCountry "GER"]
[BlackTeamCountry "GER"]

1. e4 e5 2. Nf3 Nc6 3. d4 exd4 4. Bc4 Nf6 5. e5 d5 6. Bb5 Ne4 7. Nxd4 Bd7 8. Bxc6 bxc6 9. 0-0 Be7 10. f3 Nc5 11. Nc3 0-0 12. Be3 Re8 13. f4 Bf8 14. Qf3 Ne6 15. Nb3 Bc8 16. f5 Ng5 17. Qg3 f6 18. Bxg5 fxg5 19. f6 Kh8 20. Qxg5 h6 21. Qh5 Ba6 22. Rf4 gxf6 23. Rxf6 Bg7 24. Rxh6+ Bxh6 25. Qxh6+ Kg8 26. Re1 Qd7 27. Re3 Re7 28. Nc5 Rh7 29. Rg3+ Kh8 30. Qf6+ 1-0

[Event "Sachsen-Anhalt Verbandsliga 18/19"]
[Site "Sachsen Anhalt"]
[Date "2018.12.16"]
[Round "4.5"]
[White "Deutsch, Joey"]
[Black "Joppich, Til"]
[Result "1-0"]
[WhiteElo "1940"]
[BlackElo "1739"]
[PlyCount "69"]
[EventDate "2018.10.21"]
[EventType "team-tourn"]
[EventRounds "9"]
[EventCountry "GER"]
[SourceTitle "EXT 2022"]
[Source "ChessBase"]
[SourceDate "2021.10.06"]
[SourceVersion "1"]
[SourceVersionDate "2021.10.06"]
[SourceQuality "1"]
[WhiteTeam "Loeberitz II"]
[BlackTeam "Magdeburg Aufbau Elbe III"]
[WhiteTeamCountry "GER"]
[BlackTeamCountry "GER"]

1. d4 Nf6 2. c4 c5 3. d5 e6 4. Nc3 exd5 5. cxd5 d6 6. e4 g6 7. Nf3 Bg7 8. Bd3 0-0 9. h3 a6 10. a4 Nbd7 11. Bf4 Qc7 12. 0-0 Nh5 13. Bh2 b6 14. Nd2 Ne5 15. Be2 Ra7 16. f4 Nd7 17. Bxh5 gxh5 18. Qxh5 Nf6 19. Qf3 Nd7 20. Qd3 Kh8 21. Nc4 Bd4+ 22. Kh1 Rg8 23. Rae1 Bb7 24. Re2 f6 25. Rc2 Bxc3 26. Qxc3 b5 27. Ne3 b4 28. Qxb4 a5 29. Qc3 Re8 30. Ng4 Kg7 31. Nf2 Ba6 32. Re1 c4 33. e5 dxe5 34. fxe5 Kg8 35. e6 1-0

[Event "Sachsen-Anhalt Verbandsliga 18/19"]
[Site "Sachsen Anhalt"]
[Date "2018.10.21"]
[Round "1.5"]
[White "Joppich, Til"]
[Black "Schulz, Marcel"]
[Result "1-0"]
[WhiteElo "1739"]
[BlackElo "2030"]
[PlyCount "83"]
[EventDate "2018.10.21"]
[EventType "team-tourn"]
[EventRounds "9"]
[EventCountry "GER"]
[SourceTitle "EXT 2022"]
[Source "ChessBase"]
[SourceDate "2021.10.06"]
[SourceVersion "1"]
[SourceVersionDate "2021.10.06"]
[SourceQuality "1"]
[WhiteTeam "Magdeburg Aufbau Elbe II"]
[BlackTeam "Magdeburg Aufbau Elbe III"]
[WhiteTeamCountry "GER"]
[BlackTeamCountry "GER"]

1. e4 g6 2. d4 Bg7 3. Nc3 d6 4. Be3 c6 5. Qd2 b5 6. Bd3 a6 7. h3 Nd7 8. a3 Bb7 9. Nf3 h5 10. 0-0 Ngf6 11. e5 Nh7 12. e6 Ndf6 13. exf7+ Kxf7 14. Nh4 Nf8 15. f4 e6 16. Qf2 Bh6 17. Rae1 a5 18. Nf3 b4 19. Nb1 Ba6 20. Ng5+ Kg7 21. Bxa6 Rxa6 22. Qe2 Rb6 23. axb4 axb4 24. Nd2 Nd5 25. Ndf3 Qf6 26. g3 Rb7 27. Bf2 Nc7 28. d5 c5 29. dxe6 Nd5 30. Qc4 Nb6 31. Qa6 Qe7 32. Nf7 Nc8 33. Nxh8 Kxh8 34. Qc6 Rc7 35. Qe4 Qf6 36. b3 Re7 37. Ng5 Bxg5 38. fxg5 Qxg5 39. h4 Qg4 40. Qxg4 hxg4 41. Bxc5 Nxe6 42. Bxb4 1-0

[Event "GER-chT U12"]
[Site "Magdeburg"]
[Date "2017.12.29"]
[Round "6.3"]
[White "Bildat, Emilia"]
[Black "Joppich, Til"]
[Result "1-0"]
[WhiteElo "1415"]
[BlackElo "1600"]
[PlyCount "57"]
[EventDate "2017.12.26"]
[EventType "team-swiss"]
[EventRounds "7"]
[EventCountry "GER"]
[SourceTitle "CBM 182 Extra"]
[Source "ChessBase"]
[SourceDate "2018.02.23"]
[SourceVersion "1"]
[SourceVersionDate "2018.02.23"]
[SourceQuality "1"]
[WhiteTeam "Lueneburg Turm"]
[BlackTeam "Magdeburg Schachzwerge"]
[WhiteTeamCountry "GER"]
[BlackTeamCountry "GER"]

1. c4 e5 2. Nc3 Nc6 3. g3 g6 4. Bg2 Bg7 5. Nf3 d6 6. 0-0 f5 7. e3 Nf6 8. Ne1 0-0 9. f4 e4 10. Rb1 Be6 11. b3 d5 12. cxd5 Nxd5 13. Nxd5 Qxd5 14. Nc2 Qd3 15. Bb2 Rad8 16. Bxg7 Kxg7 17. Rf2 Rd7 18. Bf1 Qd5 19. Bc4 Qd6 20. Bb5 a6 21. Bxc6 Qxc6 22. Nd4 Qd6 23. Rc1 b6 24. Rc6 Qd5 25. Nxe6+ Kf7 26. Nxf8 Kxf8 27. Qc2 Qf7 28. Qc3 h5 29. Rf6 1-0

[Event "GER-chT U12"]
[Site "Magdeburg"]
[Date "2017.12.29"]
[Round "5.3"]
[White "Joppich, Til"]
[Black "Marschall, Tillmann"]
[Result "1-0"]
[WhiteElo "1600"]
[BlackElo "1620"]
[PlyCount "105"]
[EventDate "2017.12.26"]
[EventType "team-swiss"]
[EventRounds "7"]
[EventCountry "GER"]
[SourceTitle "CBM 182 Extra"]
[Source "ChessBase"]
[SourceDate "2018.02.23"]
[SourceVersion "1"]
[SourceVersionDate "2018.02.23"]
[SourceQuality "1"]
[WhiteTeam "Magdeburg Schachzwerge"]
[BlackTeam "Trier SG"]
[WhiteTeamCountry "GER"]
[BlackTeamCountry "GER"]

1. e4 c6 2. c4 d5 3. cxd5 cxd5 4. exd5 Nf6 5. Qa4+ Bd7 6. Qb3 Qc7 7. Nc3 a6 8. a4 g6 9. Bc4 Qc8 10. Nf3 Bg7 11. 0-0 0-0 12. Re1 Re8 13. d4 e6 14. Bf4 Nh5 15. Bd6 Bf8 16. Bxf8 Kxf8 17. Ng5 h6 18. Nxe6+ fxe6 19. dxe6 Nc6 20. exd7 Qxd7 21. d5 Nd4 22. Qb4+ Kg7 23. Bd3 Nf5 24. Bxf5 gxf5 25. d6 Nf6 26. Rad1 Rad8 27. h3 Rxe1+ 28. Rxe1 Re8 29. Rxe8 Nxe8 30. Qd4+ Kh7 31. Qe5 Nxd6 32. Nd5 Ne8 33. Nb6 Qf7 34. Nc8 Ng7 35. Ne7 Qh5 36. Qd5 Qe8 37. Qxb7 Qxa4 38. Nxf5 Kg6 39. Qc6+ Qxc6 40. Ne7+ Kf6 41. Nxc6 Ne6 42. f3 Nc5 43. Kf1 Ke6 44. Ke2 Kd6 45. Nd4 Kd5 46. Nf5 Na4 47. Nxh6 Nxb2 48. Nf5 a5 49. Kd2 Kc4 50. Kc2 Nd3 51. Nd6+ Kd4 52. Kd2 a4 53. h4 1-0

[Event "GER-ch U12"]
[Site "Willingen"]
[Date "2017.06.10"]
[Round "11"]
[White "Kosev, Momchil"]
[Black "Joppich, Til"]
[Result "1/2-1/2"]
[WhiteElo "1714"]
[BlackElo "1714"]
[PlyCount "71"]
[EventDate "2017.06.04"]
[EventType "swiss"]
[EventRounds "11"]
[EventCountry "GER"]
[SourceTitle "CBM 178 Extra"]
[Source "ChessBase"]
[SourceDate "2017.06.22"]
[SourceVersion "1"]
[SourceVersionDate "2017.06.22"]
[SourceQuality "1"]

1. c4 e5 2. Nc3 g6 3. g3 Bg7 4. Bg2 d6 5. Rb1 a5 6. a3 f5 7. d3 Nf6 8. e3 0-0 9. Nge2 c6 10. 0-0 Be6 11. b4 axb4 12. axb4 g5 13. f4 h6 14. b5 Nh5 15. Qb3 gxf4 16. exf4 Qb6+ 17. Kh1 c5 18. Nd5 Qd8 19. Bb2 Nd7 20. Ra1 Nb6 21. Nec3 Kh8 22. Rxa8 Nxa8 23. Qd1 Nf6 24. Nxf6 Qxf6 25. Bxb7 Nb6 26. Bg2 Qg6 27. Qf3 e4 28. dxe4 Nxc4 29. Qe2 fxe4 30. Bxe4 Qe8 31. Ba1 Nb6 32. Qg2 Qf7 33. Rd1 Nc4 34. Qe2 Re8 35. Qd3 Bd4 36. f5 1/2-1/2

[Event "GER-ch U12"]
[Site "Willingen"]
[Date "2017.06.09"]
[Round "10"]
[White "Joppich, Til"]
[Black "Tham, Nam"]
[Result "1-0"]
[WhiteElo "1714"]
[BlackElo "1663"]
[PlyCount "63"]
[EventDate "2017.06.04"]
[EventType "swiss"]
[EventRounds "11"]
[EventCountry "GER"]
[SourceTitle "CBM 178 Extra"]
[Source "ChessBase"]
[SourceDate "2017.06.22"]
[SourceVersion "1"]
[SourceVersionDate "2017.06.22"]
[SourceQuality "1"]

1. e4 e5 2. Nf3 Nc6 3. Bc4 Bc5 4. c3 Nf6 5. d3 d6 6. 0-0 Bb6 7. a4 a5 8. Na3 Ne7 9. Nc2 Ng6 10. Be3 c6 11. Qe2 Bc7 12. h3 h6 13. Ba2 0-0 14. Bd2 Nh7 15. d4 Qf6 16. Nh2 Re8 17. Ng4 Bxg4 18. Qxg4 Ng5 19. h4 Nxh4 20. f4 Ne6 21. fxe5 Qe7 22. Bxh6 Ng6 23. exd6 Bxd6 24. e5 gxh6 25. exd6 Qxd6 26. Ne3 Qd7 27. Nf5 Kh7 28. Qh5 Ngf8 29. Rf3 f6 30. Qxh6+ Kg8 31. Rg3+ Kf7 32. Rg7# 1-0

[Event "GER-ch U12"]
[Site "Willingen"]
[Date "2017.06.09"]
[Round "9"]
[White "Reindl, Jork"]
[Black "Joppich, Til"]
[Result "0-1"]
[WhiteElo "1458"]
[BlackElo "1714"]
[PlyCount "84"]
[EventDate "2017.06.04"]
[EventType "swiss"]
[EventRounds "11"]
[EventCountry "GER"]
[SourceTitle "CBM 178 Extra"]
[Source "ChessBase"]
[SourceDate "2017.06.22"]
[SourceVersion "1"]
[SourceVersionDate "2017.06.22"]
[SourceQuality "1"]

1. e4 c5 2. Nf3 Nc6 3. d4 cxd4 4. Nxd4 g6 5. Nxc6 bxc6 6. Qd4 Nf6 7. e5 Nd5 8. e6 Nf6 9. exf7+ Kxf7 10. Nc3 Bg7 11. Qd1 d5 12. Bd3 e5 13. f3 Re8 14. 0-0 Kg8 15. Kh1 Be6 16. Bg5 Qd6 17. Qc1 Rab8 18. Rb1 Re7 19. Bh6 d4 20. Bxg7 Kxg7 21. Ne4 Nxe4 22. fxe4 Bxa2 23. Ra1 Bf7 24. b3 c5 25. Rf3 h6 26. Qd2 Rb6 27. Raf1 Qc7 28. Qf2 Bg8 29. Qh4 Rf7 30. Rxf7+ Bxf7 31. Qg3 Qe7 32. Ra1 Rf6 33. Qe1 Be6 34. Qa5 Rf7 35. b4 cxb4 36. Qxe5+ Qf6 37. Qxf6+ Kxf6 38. Ra4 Rb7 39. Ba6 Bd7 40. Ra2 Rc7 41. Bd3 b3 42. cxb3 Rc1+ 0-1

[Event "GER-chT U12"]
[Site "Magdeburg"]
[Date "2016.12.28"]
[Round "3.3"]
[White "Felten, Maximilian"]
[Black "Joppich, Til"]
[Result "0-1"]
[WhiteElo "1612"]
[BlackElo "1483"]
[PlyCount "88"]
[EventDate "2016.12.27"]
[EventType "team-swiss"]
[EventRounds "7"]
[EventCountry "GER"]
[SourceTitle "EXT 2018"]
[Source "ChessBase"]
[SourceDate "2017.10.13"]
[SourceVersion "1"]
[SourceVersionDate "2017.10.13"]
[SourceQuality "1"]
[WhiteTeam "Trier SG"]
[BlackTeam "Magdeburg Schachzwerge"]
[WhiteTeamCountry "GER"]
[BlackTeamCountry "GER"]

1. e4 e5 2. Nf3 Nc6 3. Bb5 a6 4. Ba4 Nf6 5. 0-0 Nxe4 6. Re1 Nc5 7. Bxc6 dxc6 8. Nxe5 Be7 9. d4 Ne6 10. c3 0-0 11. Be3 Bd6 12. Nf3 Nf4 13. Qd2 Ng6 14. Qc2 Bg4 15. Nbd2 Qd7 16. Qd1 Rae8 17. Nf1 Nh4 18. N1d2 h6 19. c4 Bb4 20. Qb3 Bxf3 21. Nxf3 Nxf3+ 22. gxf3 Bxe1 23. Rxe1 b6 24. Kh1 Qh3 25. f4 Re6 26. f5 Qxf5 27. Qd1 Rg6 28. Qe2 Qh3 29. Rg1 Rxg1+ 30. Kxg1 Re8 31. Qf1 Qxf1+ 32. Kxf1 b5 33. c5 f6 34. a3 g5 35. b3 f5 36. Bc1 Re4 37. Bb2 Kf7 38. b4 Ke6 39. h3 Kd5 40. Kg2 Re2 41. Bc1 Rc2 42. Be3 Ke4 43. h4 f4 44. hxg5 hxg5 0-1

[Event "GER-chT U10"]
[Site "Magdeburg"]
[Date "2014.12.28"]
[Round "4.2"]
[White "Joppich, Til"]
[Black "Kirsch, Martin1111"]
[Result "1-0"]
[WhiteElo "902"]
[BlackElo "770"]
[PlyCount "63"]
[EventDate "2014.12.27"]
[EventType "team-swiss"]
[EventRounds "7"]
[EventCountry "GER"]
[SourceTitle "EXT 2016"]
[Source "ChessBase"]
[SourceDate "2015.10.08"]
[SourceVersion "1"]
[SourceVersionDate "2015.10.08"]
[SourceQuality "1"]
[WhiteTeam "Magdeburg Schachzwerge II"]
[BlackTeam "Stadtilm Blau Weiss II"]
[WhiteTeamCountry "GER"]
[BlackTeamCountry "GER"]

1. e4 e5 2. Nf3 Nc6 3. Bc4 Bc5 4. c3 Nf6 5. d4 exd4 6. cxd4 Nxd4 7. Nxd4 Bxd4 8. Qxd4 d5 9. exd5 Nxd5 10. Bxd5 Be6 11. Nc3 Qd7 12. Bg5 f6 13. Be3 b6 14. Qe4 0-0-0 15. Bxe6 Rhe8 16. Bxd7+ Rxd7 17. Qf5 Red8 18. Nb5 Kb8 19. 0-0 Rd5 20. Qc2 Rxb5 21. Bf4 Rc8 22. Rfd1 Rc5 23. Qxh7 Rc4 24. g3 g5 25. Qd3 Rb4 26. a3 Rxb2 27. Bc1 Rb5 28. Qxb5 c6 29. Qa6 c5 30. Rd7 Rc7 31. Rd8+ Rc8 32. Qxc8# 1-0